| 000 | 00882nam a22002417a 4500 | ||
|---|---|---|---|
| 003 | OSt | ||
| 005 | 20210315112432.0 | ||
| 008 | 210315b1977 y ac||er|||| 00| 0dspa d | ||
| 040 |
_aCO-JMCR _cCO-JMCR |
||
| 041 | 0 | _aspa | |
| 082 | 0 | 4 |
_a110 / _bM686m _223 |
| 100 | 1 |
_aMéndez, Conny, _eautora _936084 |
|
| 245 | 1 | 0 |
_aMetafísica 4 en 1 / _cConny Méndez |
| 246 | 0 | _aMetafísica cuatro en uno | |
| 260 |
_aCaracas : _bBienes Lacónica, _c1977 |
||
| 300 |
_a111, 95, 117, 95 páginas : _bilustraciones y retratos a blanco y negro ; _c16 cm. |
||
| 500 | _aIncluye datos biográficos de la autora. | ||
| 504 | _aBibliografía: páginas 93-94 | ||
| 505 | 0 |
_tLa metafísica al alcance de todos _tTe regalo lo que se te antoje _tEl maravilloso Nro 7 _tQuien es, quien fue el conde Saint Germain |
|
| 650 | 1 | 4 |
_aMetafísica _936085 |
| 650 | 1 | 4 |
_aNumerología _936086 |
| 942 |
_2ddc _cBK |
||
| 999 |
_c15375 _d15375 |
||